Chanson à trous : Axelle Red – Sensualité - Statistiques

Statistiques générales
  • Ce quiz a été pris 118 fois
  • Le résultat moyen est 10 sur 11
Statistiques - réponses
Couplets Sensualité % Correct
3 J'aime, j'aime tes yeux J'aime ton {odeur} Tous tes gestes en douceur
100%
8 J'aime, j'aime tes yeux J'aime ton {odeur} Tous tes gestes en douceur
100%
4 {Lentement} dirigés Sensualité
99%
9 {Lentement} dirigés Sensualité
99%
5 Ouh, stop, un instant J'aimerais que ce moment Fixe pour des {tas} {d}'{années} Ta sensualité
95%
7 Pas toujours apparemment Et maman m'avait dit "ralentis {Désir} ou amour Tu le sauras un jour"
95%
2 Que ma maman me dit "ralentis {Désir} ou amour Tu le sauras un jour"
95%
1 Jamais je n'aurais pensé Tant besoin de lui Je me sens si {envoutée}
86%
11 Je t'aimerai encore Et {encore}
85%
6 Il paraît qu'après quelques temps La passion {s}'{affaiblit}
82%
10 Je te demande si simplement Ne fais {pas} {semblant}
65%
Aucun quiz correspondant
Distribution des résultats
% des personnes avec chaque résultat
Percentile par nombre de réponses
Votre historique - résultats
Vous n’avez pas pris ce quiz